[Event "GER Pfingstopen U16"]
[Site "Playchess.com INT"]
[Date "2020.06.05"]
[Round "1"]
[White "Espig, Nils"]
[Black "Roos, Lukas"]
[Result "0-1"]
[WhiteElo "1636"]
[BlackElo "1423"]
[PlyCount "70"]
[EventDate "2020.06.05"]
[EventType "swiss (blitz)"]
[EventRounds "11"]
[EventCountry "GER"]
[SourceTitle "CBM 197 Extra"]
[Source "ChessBase"]
[SourceDate "2020.09.30"]
[SourceVersion "1"]
[SourceVersionDate "2020.09.30"]
[SourceQuality "1"]

1. e4 e5 2. Nf3 Nc6 3. Bc4 Nf6 4. Ng5 d5 5. exd5 Na5 6. Bb5+ c6 7. dxc6 bxc6 8. Be2 Bc5 9. 0-0 h6 10. Ne4 Nxe4 11. d3 Nxf2 12. Rxf2 Bxf2+ 13. Kxf2 Qf6+ 14. Kg1 0-0 15. Be3 Rd8 16. Nc3 Bf5 17. Qd2 Nb7 18. Rf1 Qg6 19. Qd1 c5 20. Bh5 Qf6 21. Bg4 Nd6 22. Bxf5 Nxf5 23. Bxc5 Qg6 24. Qe2 f6 25. Ne4 Nd4 26. Qd2 Rac8 27. c3 Nb5 28. a4 Nc7 29. Bxa7 Qxe4 30. Rf3 Qg6 31. Bb6 e4 32. Rg3 Rxd3 33. Qf4 Rd1+ 34. Kf2 e3+ 35. Kxe3 Nd5+ 0-1

[Event "GER Pfingstopen U16"]
[Site "Playchess.com INT"]
[Date "2020.06.05"]
[Round "11"]
[White "Popovici, Daniel"]
[Black "Roos, Lukas"]
[Result "1-0"]
[WhiteElo "1569"]
[BlackElo "1451"]
[PlyCount "103"]
[EventDate "2020.06.05"]
[EventType "swiss (blitz)"]
[EventRounds "11"]
[EventCountry "GER"]
[SourceTitle "CBM 197 Extra"]
[Source "ChessBase"]
[SourceDate "2020.09.30"]
[SourceVersion "1"]
[SourceVersionDate "2020.09.30"]
[SourceQuality "1"]

1. e4 e6 2. d4 d5 3. Nc3 Nf6 4. e5 Ne4 5. f3 Nxc3 6. bxc3 c6 7. f4 Qa5 8. Bd2 Qa3 9. Qc1 Qxc1+ 10. Bxc1 Na6 11. Nf3 Bd7 12. Bxa6 bxa6 13. Rb1 Be7 14. Be3 0-0 15. 0-0 Rab8 16. Nd2 Rb6 17. Rb3 Rfb8 18. Rfb1 Rxb3 19. Rxb3 Rxb3 20. cxb3 f6 21. c4 fxe5 22. fxe5 Kf7 23. c5 Kg6 24. Kf2 Kf5 25. Kf3 Be8 26. g4+ Kg6 27. Kg3 Bg5 28. Bxg5 Kxg5 29. Nf3+ Kg6 30. h4 h5 31. g5 Kf5 32. Nd2 Bg6 33. Kf3 a5 34. Nf1 Bh7 35. Ng3+ Kg6 36. a3 a6 37. b4 axb4 38. axb4 Kf7 39. Ke3 g6 40. Kd3 Ke7 41. Kc3 Kd7 42. Kb3 Kc7 43. Ne2 Kb7 44. Nf4 Kc8 45. Nxe6 Kd7 46. Nf8+ Ke7 47. Nxh7 Ke6 48. Nf8+ Kf5 49. e6 Kg4 50. e7 Kxh4 51. e8Q Kxg5 52. Qe5+ 1-0

[Event "GER Pfingstopen U16"]
[Site "Playchess.com INT"]
[Date "2020.06.05"]
[Round "5"]
[White "Roos, Lukas"]
[Black "Buchinger, Alexis"]
[Result "0-1"]
[WhiteElo "1461"]
[BlackElo "1599"]
[PlyCount "62"]
[EventDate "2020.06.05"]
[EventType "swiss (blitz)"]
[EventRounds "11"]
[EventCountry "GER"]
[SourceTitle "CBM 197 Extra"]
[Source "ChessBase"]
[SourceDate "2020.09.30"]
[SourceVersion "1"]
[SourceVersionDate "2020.09.30"]
[SourceQuality "1"]

1. e4 e5 2. Nf3 Nc6 3. Nc3 Bc5 4. Bc4 Nf6 5. d3 0-0 6. Be3 Bb6 7. 0-0 d6 8. Nd5 Nxd5 9. Bxd5 Be6 10. Bb3 Qe7 11. c3 h6 12. Qd2 Bxb3 13. axb3 f5 14. exf5 Rxf5 15. Ra4 Raf8 16. Bxh6 gxh6 17. Rg4+ Kh7 18. Nh4 Bxf2+ 19. Kh1 Bxh4 20. Rxf5 Rxf5 21. g3 Bg5 22. Qe2 Qf6 23. Kg2 Ne7 24. h4 Bc1 25. Qe4 d5 26. Qe2 Ng6 27. d4 e4 28. Qb5 Rf2+ 29. Kh3 Qf7 30. Qxb7 Rxb2 31. Qc6 Qf1# 0-1

[Event "GER Pfingstopen U16"]
[Site "Playchess.com INT"]
[Date "2020.06.05"]
[Round "8"]
[White "Tennigkeit, Paul"]
[Black "Roos, Lukas"]
[Result "1-0"]
[WhiteElo "1620"]
[BlackElo "1458"]
[PlyCount "77"]
[EventDate "2020.06.05"]
[EventType "swiss (blitz)"]
[EventRounds "11"]
[EventCountry "GER"]
[SourceTitle "CBM 197 Extra"]
[Source "ChessBase"]
[SourceDate "2020.09.30"]
[SourceVersion "1"]
[SourceVersionDate "2020.09.30"]
[SourceQuality "1"]

1. e4 e5 2. Nf3 Nc6 3. Bc4 Nf6 4. d3 Bc5 5. Bg5 d6 6. Nc3 Be6 7. Nd5 Bxd5 8. Bxd5 Nd4 9. c3 Nxf3+ 10. Qxf3 Rb8 11. Bxf6 Qxf6 12. Qxf6 gxf6 13. b4 Bb6 14. a4 a6 15. 0-0 Rg8 16. g3 Ke7 17. Kg2 h5 18. f4 exf4 19. Rxf4 c6 20. Bb3 Rg6 21. Raf1 Rbg8 22. d4 c5 23. bxc5 dxc5 24. e5 cxd4 25. exf6+ Ke8 26. Re1+ Kf8 27. cxd4 Bc7 28. Rc1 Ke8 29. Rxc7 Kd8 30. Rxb7 Re8 31. Rb8+ Kd7 32. Bxf7 Rxg3+ 33. hxg3 Rxb8 34. Bxh5 Rb2+ 35. Rf2 Rb4 36. f7 Rxd4 37. f8Q Rxa4 38. Qe8+ Kd6 39. Rd2+ 1-0

[Event "GER Pfingstopen U25"]
[Site "Playchess.com INT"]
[Date "2020.06.02"]
[Round "2"]
[White "Roos, Lukas"]
[Black "Kern, Ludwig Maria"]
[Result "0-1"]
[WhiteElo "1508"]
[BlackElo "1487"]
[PlyCount "92"]
[EventDate "2020.06.02"]
[EventType "swiss (blitz)"]
[EventRounds "11"]
[EventCountry "GER"]
[SourceTitle "CBM 197 Extra"]
[Source "ChessBase"]
[SourceDate "2020.09.30"]
[SourceVersion "1"]
[SourceVersionDate "2020.09.30"]
[SourceQuality "1"]

1. e4 c5 2. Nf3 Nc6 3. d4 cxd4 4. Nxd4 e6 5. Nc3 Nf6 6. Be3 Bb4 7. Qd2 Nxe4 8. Qd3 Nxc3 9. bxc3 Bxc3+ 10. Qxc3 Nxd4 11. Bxd4 f6 12. Bd3 e5 13. Bc5 d6 14. Bb4 0-0 15. Ba5 b6 16. Bb4 a5 17. Ba3 Be6 18. 0-0 d5 19. Bxf8 d4 20. Qa3 Qxf8 21. Qxf8+ Kxf8 22. Rfb1 Rb8 23. Bxh7 Kf7 24. Be4 f5 25. Bc6 Rc8 26. Rxb6 g5 27. g3 f4 28. Rb7+ Kf6 29. Bd7 Bxd7 30. Rxd7 Rxc2 31. g4 Ke6 32. Rh7 d3 33. Rb1 e4 34. Rh5 e3 35. Rxg5 e2 36. Rb6+ Kd7 37. Rg7+ Kc8 38. Rb1 d2 39. Rg8+ Kc7 40. Rg7+ Kc6 41. Rg6+ Kc5 42. Rg5+ Kd4 43. Rg8 e1Q+ 44. Rxe1 dxe1Q+ 45. Kg2 Qxf2+ 46. Kh3 Qxh2# 0-1

[Event "GER Pfingstopen U25"]
[Site "Playchess.com INT"]
[Date "2020.06.02"]
[Round "3"]
[White "Speter, Ivan"]
[Black "Roos, Lukas"]
[Result "1-0"]
[WhiteElo "1620"]
[BlackElo "1496"]
[PlyCount "101"]
[EventDate "2020.06.02"]
[EventType "swiss (blitz)"]
[EventRounds "11"]
[EventCountry "GER"]
[SourceTitle "CBM 197 Extra"]
[Source "ChessBase"]
[SourceDate "2020.09.30"]
[SourceVersion "1"]
[SourceVersionDate "2020.09.30"]
[SourceQuality "1"]

1. e4 e5 2. Nf3 Nc6 3. Bc4 Nf6 4. Ng5 d5 5. exd5 Na5 6. Bb5+ c6 7. dxc6 bxc6 8. Ba4 Bb7 9. Qe2 Bd6 10. Na3 h6 11. Ne4 Nxe4 12. Qxe4 0-0 13. d3 c5 14. Qg4 Qf6 15. Nc4 Nxc4 16. dxc4 e4 17. Be3 a5 18. 0-0-0 Be5 19. b3 Rad8 20. Kb1 Ba1 21. Bc1 Rxd1 22. Rxd1 Bd4 23. Rf1 Rd8 24. f3 e3 25. Re1 Re8 26. Qd7 Re7 27. Qd8+ Kh7 28. Re2 Kg6 29. Qb8 Kh7 30. Qg3 Kg8 31. Qe1 Bc6 32. Bxc6 Qxc6 33. Qxa5 Qf6 34. Qd8+ Kh7 35. Qd5 Kg8 36. Qa8+ Kh7 37. Qd5 Qe6 38. Qxe6 Rxe6 39. c3 Bxc3 40. Rxe3 Rxe3 41. Bxe3 Bd4 42. Bxd4 cxd4 43. Kc2 Kg6 44. Kd3 Kf5 45. Kxd4 Kf4 46. c5 Kf5 47. c6 Ke6 48. Kc5 Ke7 49. Kb6 Kd8 50. Kb7 Ke7 51. c7 1-0